| 000 | 00349nam a2200133Ia 4500 | ||
|---|---|---|---|
| 008 | 240624s9999 xx 000 0 und d | ||
| 041 | _aeng | ||
| 082 | _a658.4022 CLA | ||
| 100 | _aCLARK TIM | ||
| 245 | _aBUSINESS MODELS FOR TEAMS SEE HOW YOUR O | ||
| 260 |
_c2017 _aNew York _bPortfolio Penguin |
||
| 300 | _axiii, 255 p.; 17 cm. | ||
| 365 |
_c _b35 |
||
| 999 |
_c31545 _d31545 |
||